[Event "EU-ch blitz"]
[Site "Katowice"]
[Date "2017.12.15"]
[Round "3"]
[White "Borys, Jacek"]
[Black "Kreisl, Robert"]
[Result "0-1"]
[WhiteElo "2023"]
[BlackElo "2440"]
[PlyCount "96"]
[EventDate "2017.12.15"]
[EventType "swiss (blitz)"]
[EventRounds "22"]
[EventCountry "POL"]
[SourceTitle "CBM 182 Extra"]
[Source "ChessBase"]
[SourceDate "2018.02.23"]
[SourceVersion "1"]
[SourceVersionDate "2018.02.23"]
[SourceQuality "1"]

1. e4 g6 2. Nc3 Bg7 3. Bc4 c5 4. d3 Nc6 5. a3 e6 6. Nf3 Nf6 7. Bg5 h6 8. Bh4 g5 9. Bg3 d6 10. h4 g4 11. Nh2 h5 12. f3 Nd4 13. Nb5 e5 14. Nxd4 cxd4 15. f4 d5 16. Bb5+ Bd7 17. Bxd7+ Nxd7 18. exd5 exf4 19. Bxf4 Qxh4+ 20. g3 Qe7+ 21. Kf2 Qc5 22. Re1+ Kf8 23. b4 Qxd5 24. Qe2 Bf6 25. Qe4 Qxe4 26. Rxe4 Rc8 27. Re2 Kg7 28. Rc1 Nb6 29. Be5 Nd5 30. Bxf6+ Kxf6 31. Re4 Nc3 32. Rxd4 Na2 33. Re1 Rxc2+ 34. Kg1 Nc3 35. Nf1 Ne2+ 36. Rxe2 Rxe2 37. Rd6+ Ke7 38. Rd5 Ke6 39. Rb5 b6 40. Rg5 f5 41. Rg7 h4 42. gxh4 Rxh4 43. Ng3 Re3 44. Nf1 Rxd3 45. Rg6+ Kf7 46. Rc6 f4 47. Rc4 g3 48. Nxg3 Rxg3+ 0-1

[Event "EU-ch blitz"]
[Site "Katowice"]
[Date "2017.12.15"]
[Round "21"]
[White "Sergeev, Vladimir"]
[Black "Borys, Jacek"]
[Result "1-0"]
[WhiteElo "2406"]
[BlackElo "2023"]
[PlyCount "53"]
[EventDate "2017.12.15"]
[EventType "swiss (blitz)"]
[EventRounds "22"]
[EventCountry "POL"]
[SourceTitle "CBM 182 Extra"]
[Source "ChessBase"]
[SourceDate "2018.02.23"]
[SourceVersion "1"]
[SourceVersionDate "2018.02.23"]
[SourceQuality "1"]

1. d4 Nf6 2. Nf3 b6 3. Bf4 Bb7 4. e3 e6 5. h3 h6 6. Nbd2 Be7 7. Bd3 0-0 8. c3 d6 9. 0-0 Nbd7 10. Bh2 c5 11. Qe2 d5 12. Rad1 Re8 13. Ne5 Nxe5 14. dxe5 Nd7 15. e4 Nf8 16. Bb5 Nd7 17. exd5 Bxd5 18. Ne4 Qc8 19. Bxd7 Qxd7 20. c4 Qc6 21. cxd5 exd5 22. Ng3 g6 23. f4 Kh7 24. f5 g5 25. f6 Bd6 26. Nf5 Bc7 27. Qc2 1-0

[Event "POL-chT 2nd League"]
[Site "Szczyrk"]
[Date "2014.09.11"]
[Round "6.64"]
[White "Dowgird, Filip"]
[Black "Borys, Jacek"]
[Result "1-0"]
[WhiteElo "2172"]
[BlackElo "1955"]
[PlyCount "57"]
[EventDate "2014.09.06"]
[EventType "team-swiss"]
[EventRounds "9"]
[EventCountry "POL"]
[SourceTitle "EXT 2015"]
[Source "ChessBase"]
[SourceDate "2014.11.20"]
[SourceVersion "1"]
[SourceVersionDate "2014.11.20"]
[SourceQuality "1"]
[WhiteTeam "Wroclaw AZS Politechnika"]
[BlackTeam "Pszczyna PSSz"]
[WhiteTeamCountry "POL"]
[BlackTeamCountry "POL"]

1. f4 d6 2. Nf3 Nf6 3. d3 Nbd7 4. e4 e5 5. Nc3 c6 6. g3 Be7 7. Bg2 Qb6 8. Qe2 0-0 9. Nd2 Re8 10. Nc4 Qc7 11. 0-0 b5 12. Ne3 Bf8 13. f5 Bb7 14. g4 b4 15. Ncd1 Nc5 16. g5 Nfd7 17. Rf3 f6 18. g6 h6 19. Rh3 Nb6 20. Qh5 Qe7 21. Ng4 Ncd7 22. Ndf2 d5 23. Kh1 c5 24. Bf3 c4 25. Bxh6 gxh6 26. g7 Bxg7 27. Nxh6+ Kf8 28. Rg1 dxe4 29. dxe4 1-0

[Event "Pszczyna op"]
[Site "Pszczyna"]
[Date "2009.07.18"]
[Round "7"]
[White "Reichert, Jakub"]
[Black "Borys, Jacek"]
[Result "0-1"]
[WhiteElo "1760"]
[BlackElo "1972"]
[PlyCount "70"]
[EventDate "2009.07.14"]
[EventType "swiss"]
[EventRounds "9"]
[EventCountry "POL"]
[SourceTitle "CBM 131 Extra"]
[Source "ChessBase"]
[SourceDate "2009.09.03"]
[SourceVersion "2"]
[SourceVersionDate "2009.09.16"]
[SourceQuality "1"]

1. d4 e6 2. c4 Nf6 3. Nc3 Bb4 4. Bg5 c5 5. d5 e5 6. Qc2 d6 7. e3 h6 8. Bh4 Bxc3+ 9. Qxc3 g5 10. Bg3 Ne4 11. Qa3 f5 12. Bd3 Nf6 13. f4 gxf4 14. exf4 e4 15. Be2 Qe7 16. Qc3 Qg7 17. Bh4 0-0 18. 0-0-0 Ne8 19. Qe3 b5 20. g4 fxg4 21. Nh3 Kh7 22. Nf2 bxc4 23. h3 g3 24. Rhg1 Qf7 25. Bxg3 Nf6 26. Ng4 Bf5 27. Bh4 Nbd7 28. Bxc4 Rab8 29. Rg2 Rb4 30. b3 Nxg4 31. hxg4 Qg7 32. Kb1 Rxc4 33. Rg3 Rd4 34. gxf5 Rxd1+ 35. Kc2 Qa1 0-1

[Event "Pszczyna op"]
[Site "Pszczyna"]
[Date "2009.07.17"]
[Round "6"]
[White "Borys, Jacek"]
[Black "Kubica, Kamil"]
[Result "0-1"]
[WhiteElo "1972"]
[BlackElo "1751"]
[PlyCount "92"]
[EventDate "2009.07.14"]
[EventType "swiss"]
[EventRounds "9"]
[EventCountry "POL"]
[SourceTitle "CBM 131 Extra"]
[Source "ChessBase"]
[SourceDate "2009.09.03"]
[SourceVersion "2"]
[SourceVersionDate "2009.09.16"]
[SourceQuality "1"]

1. e4 e5 2. Nf3 Nc6 3. d4 exd4 4. Nxd4 Bc5 5. Be3 Qf6 6. Nb5 Bxe3 7. fxe3 Qh4+ 8. g3 Qxe4 9. Nxc7+ Kd8 10. Nxa8 Qxh1 11. Qd6 Nf6 12. Nd2 Qd5 13. Qc7+ Ke7 14. Qf4 Qe5 15. Qxe5+ Nxe5 16. Nc7 a6 17. e4 Kd6 18. Nd5 Nxd5 19. exd5 Kxd5 20. 0-0-0 Kc6 21. Ne4 d5 22. Nc3 Be6 23. Bg2 Rd8 24. Re1 f6 25. Ne2 Kc5 26. c3 Nd3+ 27. Kd2 Nxe1 28. Kxe1 Bf5 29. Nd4 Re8+ 30. Kd2 Be4 31. Bf1 g6 32. b4+ Kd6 33. a4 Bb1 34. Nb3 Ba2 35. Nc5 Re7 36. Bh3 f5 37. g4 f4 38. g5 f3 39. Bf1 Bc4 40. Nd3 Bxd3 41. Bxd3 f2 42. Be2 Re4 43. h3 Kc7 44. Kd3 Kd6 45. Kd2 Ke5 46. c4 dxc4 0-1

[Event "Pszczyna op"]
[Site "Pszczyna"]
[Date "2009.07.16"]
[Round "5"]
[White "Solek, Zenon"]
[Black "Borys, Jacek"]
[Result "1/2-1/2"]
[WhiteElo "1845"]
[BlackElo "1972"]
[PlyCount "108"]
[EventDate "2009.07.14"]
[EventType "swiss"]
[EventRounds "9"]
[EventCountry "POL"]
[SourceTitle "CBM 131 Extra"]
[Source "ChessBase"]
[SourceDate "2009.09.03"]
[SourceVersion "2"]
[SourceVersionDate "2009.09.16"]
[SourceQuality "1"]

1. e4 c5 2. Nc3 d6 3. g3 g6 4. Bg2 Bg7 5. Nge2 Nc6 6. d3 e6 7. 0-0 Nge7 8. Be3 Nd4 9. Bxd4 cxd4 10. Nb1 Qb6 11. b3 0-0 12. Nd2 Bd7 13. a4 Rac8 14. Nc4 Qc7 15. Ra2 Nc6 16. Qd2 a5 17. Rb2 Nb4 18. Nc1 Qc5 19. Na2 d5 20. Nxa5 Nxa2 21. Rxa2 b6 22. b4 Qc3 23. Qxc3 Rxc3 24. Nb3 dxe4 25. Bxe4 Rfc8 26. Na1 Bf8 27. Rb1 e5 28. Bd5 Rb8 29. b5 Rc5 30. Bc4 Rc7 31. Nb3 Ra7 32. a5 bxa5 33. Rxa5 Rab7 34. Nd2 Kg7 35. f3 h6 36. Kf2 Be7 37. Rb3 f6 38. Ne4 f5 39. Nd2 Bd8 40. b6 Kf6 41. Ra7 Bc6 42. h4 Rxa7 43. bxa7 Rxb3 44. Bxb3 Bb6 45. Ba4 Bb7 46. Nc4 Bxa7 47. Nd6 Bd5 48. Bb3 Bxb3 49. cxb3 Bc5 50. Ne8+ Ke6 51. Nc7+ Kd6 52. Na6 Ba3 53. g4 Kc6 54. b4 f4 1/2-1/2

[Event "Pszczyna op"]
[Site "Pszczyna"]
[Date "2009.07.15"]
[Round "3"]
[White "Gola, Karol"]
[Black "Borys, Jacek"]
[Result "1-0"]
[WhiteElo "2195"]
[BlackElo "1972"]
[PlyCount "57"]
[EventDate "2009.07.14"]
[EventType "swiss"]
[EventRounds "9"]
[EventCountry "POL"]
[SourceTitle "CBM 131 Extra"]
[Source "ChessBase"]
[SourceDate "2009.09.03"]
[SourceVersion "2"]
[SourceVersionDate "2009.09.16"]
[SourceQuality "1"]

1. e4 e5 2. Nf3 Nc6 3. Nc3 g6 4. d4 exd4 5. Nxd4 Bg7 6. Be3 Nf6 7. Qd2 0-0 8. 0-0-0 Re8 9. f3 d5 10. Nxc6 bxc6 11. Bg5 Bb7 12. Bd3 Qd6 13. Bf4 Qe6 14. exd5 Nxd5 15. Nxd5 cxd5 16. Bxc7 Qf6 17. c3 a5 18. Qf4 Qc6 19. Qd6 Qa4 20. Qb6 Bc6 21. Kb1 Bd7 22. Bc2 Qh4 23. Rxd5 Be6 24. Rdd1 a4 25. Be4 a3 26. g3 Qf6 27. Rd4 Ra6 28. Qb5 Ra7 29. Qxe8+ 1-0

[Event "Pszczyna op 4th"]
[Site "Pszczyna"]
[Date "2008.07.19"]
[Round "8"]
[White "Borys, Jacek"]
[Black "Sadowski, Krzysztof"]
[Result "1/2-1/2"]
[WhiteElo "1987"]
[BlackElo "1879"]
[PlyCount "86"]
[EventDate "2008.07.15"]
[EventType "swiss"]
[EventRounds "9"]
[EventCountry "POL"]
[SourceTitle "CBM 125 Extra"]
[Source "ChessBase"]
[SourceDate "2008.09.01"]
[SourceVersion "1"]
[SourceVersionDate "2008.09.01"]
[SourceQuality "1"]

1. e4 d5 2. exd5 Nf6 3. d4 Bg4 4. Nf3 Qxd5 5. Be2 Nc6 6. 0-0 0-0-0 7. c3 e5 8. Nxe5 Nxe5 9. dxe5 Qxd1 10. Bxd1 Rxd1 11. exf6 gxf6 12. Rxd1 Bxd1 13. Be3 Bd6 14. Nd2 Bc2 15. Nc4 Be7 16. Re1 Rd8 17. Bd4 c5 18. Rxe7 cxd4 19. cxd4 Rxd4 20. Ne3 Bg6 21. h3 Rb4 22. b3 Kd8 23. Nd5 Rb5 24. Nc3 Rc5 25. Re3 a5 26. f4 b5 27. a3 b4 28. axb4 axb4 29. Na4 Ra5 30. Re2 Bf5 31. Rd2+ Kc7 32. Rd4 Rb5 33. Nb2 Be6 34. Nc4 Rc5 35. Nd2 Rb5 36. Kf2 Kc6 37. Ke3 f5 38. Nc4 Kc5 39. Rd2 Bd5 40. g3 Rb8 41. Rc2 Re8+ 42. Kf2 Be4 43. Rd2 Bd5 1/2-1/2

[Event "Pszczyna op 4th"]
[Site "Pszczyna"]
[Date "2008.07.17"]
[Round "4"]
[White "Borys, Jacek"]
[Black "Wieczorek, Janusz"]
[Result "1-0"]
[WhiteElo "1987"]
[BlackElo "1555"]
[PlyCount "59"]
[EventDate "2008.07.15"]
[EventType "swiss"]
[EventRounds "9"]
[EventCountry "POL"]
[SourceTitle "CBM 125 Extra"]
[Source "ChessBase"]
[SourceDate "2008.09.01"]
[SourceVersion "1"]
[SourceVersionDate "2008.09.01"]
[SourceQuality "1"]

1. e4 c5 2. c3 e5 3. Nf3 Nc6 4. Bc4 Qf6 5. d3 h6 6. 0-0 Nge7 7. Bb3 Na5 8. Na3 a6 9. Nc4 Nxc4 10. Bxc4 b5 11. Bb3 Bb7 12. Ne1 Rd8 13. f4 Qb6 14. Be3 d5 15. fxe5 Qc7 16. Qh5 g6 17. Qf3 Rh7 18. e6 f5 19. exf5 c4 20. f6 Nf5 21. Bd1 Nxe3 22. Qxe3 d4 23. cxd4 Bb4 24. Nc2 Bd6 25. Bf3 Bxh2+ 26. Kh1 Bf4 27. Qe2 Bg5 28. Be4 Bxe4 29. Qxe4 Rh8 30. Qxg6+ 1-0

[Event "Pszczyna op 4th"]
[Site "Pszczyna"]
[Date "2008.07.16"]
[Round "3"]
[White "Korcz, Daniel"]
[Black "Borys, Jacek"]
[Result "1-0"]
[WhiteElo "1687"]
[BlackElo "1987"]
[PlyCount "111"]
[EventDate "2008.07.15"]
[EventType "swiss"]
[EventRounds "9"]
[EventCountry "POL"]
[SourceTitle "CBM 125 Extra"]
[Source "ChessBase"]
[SourceDate "2008.09.01"]
[SourceVersion "1"]
[SourceVersionDate "2008.09.01"]
[SourceQuality "1"]

1. e4 c5 2. Nf3 d6 3. d4 cxd4 4. Nxd4 Nf6 5. Nc3 a6 6. Bg5 e6 7. f4 Be7 8. Qf3 Qc7 9. 0-0-0 b5 10. Bd3 Bb7 11. Kb1 Nbd7 12. g4 Nc5 13. Bxf6 gxf6 14. f5 e5 15. Nb3 b4 16. Nxc5 dxc5 17. Nd5 Bxd5 18. exd5 Bd6 19. Bc4 a5 20. Bb5+ Ke7 21. g5 fxg5 22. f6+ Kd8 23. Qf5 h6 24. h4 gxh4 25. Rxh4 Qc8 26. Qf3 Kc7 27. Rdh1 Rb8 28. Ba4 Qf8 29. Qe3 Rb6 30. Rxh6 Rxh6 31. Rxh6 Qg8 32. Rh1 Qg2 33. Qh3 Qxh3 34. Rxh3 Bf8 35. Bc6 Kd6 36. Rh7 e4 37. Rxf7 Rb8 38. Rd7+ Ke5 39. f7 Bd6 40. Rxd6 Kxd6 41. Be8 Ke7 42. d6+ Kf8 43. d7 a4 44. Kc1 c4 45. b3 axb3 46. axb3 cxb3 47. cxb3 Ke7 48. Kd2 Kf8 49. Ke3 Ke7 50. Kxe4 Ra8 51. Kd5 Rd8 52. Kc5 Rb8 53. Kc6 Ra8 54. Kb7 Rd8 55. Kc7 Ra8 56. d8Q+ 1-0

[Event "POL-chT3 Slaskie"]
[Site "Poland"]
[Date "2008.05.10"]
[Round "7.62"]
[White "Borys, Jacek"]
[Black "Surman, Martin"]
[Result "0-1"]
[WhiteElo "1981"]
[BlackElo "2104"]
[PlyCount "58"]
[EventDate "2008.02.03"]
[EventType "team-swiss"]
[EventRounds "9"]
[EventCountry "POL"]
[SourceTitle "EXT 2019"]
[Source "ChessBase"]
[SourceDate "2018.10.10"]
[SourceVersion "1"]
[SourceVersionDate "2018.10.10"]
[SourceQuality "1"]

1. e4 c5 2. c3 g6 3. d4 cxd4 4. cxd4 Bg7 5. Nc3 d6 6. Nf3 Nf6 7. Be2 0-0 8. 0-0 a6 9. Bg5 Nbd7 10. Qb3 Qb6 11. Bc4 Qxb3 12. Bxb3 h6 13. Bf4 b5 14. Nd5 Nxd5 15. Bxd5 Rb8 16. Rfe1 Nb6 17. Bb3 Bg4 18. Rad1 Rbc8 19. Rd3 Nc4 20. Re2 g5 21. Be3 e5 22. Rc2 f5 23. Ne1 fxe4 24. Bxc4+ Rxc4 25. Rxc4 exd3 26. Rc6 exd4 27. Bd2 Bf5 28. Rxa6 Re8 29. g4 Re2 0-1

[Event "Pszczyna op 3rd"]
[Site "Pszczyna"]
[Date "2007.07.21"]
[Round "7"]
[White "Janik, Damian"]
[Black "Borys, Jacek"]
[Result "1/2-1/2"]
[WhiteElo "2043"]
[BlackElo "1947"]
[PlyCount "41"]
[EventDate "2007.07.17"]
[EventType "swiss"]
[EventRounds "9"]
[EventCountry "POL"]
[SourceTitle "EXT 2011"]
[Source "ChessBase"]
[SourceDate "2010.11.26"]
[SourceVersion "1"]
[SourceVersionDate "2010.11.26"]
[SourceQuality "1"]

1. f4 d5 2. Nf3 Bf5 3. e3 e6 4. Be2 Nc6 5. b3 Qd7 6. Bb2 0-0-0 7. d3 Nh6 8. h3 f6 9. Nbd2 Bg6 10. Nf1 Bd6 11. g4 Rhf8 12. Qd2 Qe7 13. 0-0-0 Ba3 14. Kb1 Bxb2 15. Kxb2 e5 16. f5 Bf7 17. Nh4 Bg8 18. Ng3 Nf7 19. d4 Nd6 20. Ng2 Rfe8 21. Ra1 1/2-1/2

[Event "Pszczyna op 3rd"]
[Site "Pszczyna"]
[Date "2007.07.19"]
[Round "6"]
[White "Borys, Jacek"]
[Black "Cyfka, Karina"]
[Result "0-1"]
[WhiteElo "1947"]
[BlackElo "2310"]
[PlyCount "54"]
[EventDate "2007.07.17"]
[EventType "swiss"]
[EventRounds "9"]
[EventCountry "POL"]
[SourceTitle "EXT 2011"]
[Source "ChessBase"]
[SourceDate "2010.11.26"]
[SourceVersion "1"]
[SourceVersionDate "2010.11.26"]
[SourceQuality "1"]

1. e4 e5 2. Nf3 Nc6 3. Bc4 Nf6 4. d4 exd4 5. 0-0 Nxe4 6. Re1 d5 7. Bxd5 Qxd5 8. Nc3 Qh5 9. Nxe4 Be6 10. Bg5 Bd6 11. c4 h6 12. Bf6 Bxh2+ 13. Nxh2 Qxd1 14. Raxd1 gxf6 15. Nxf6+ Kf8 16. Nd5 Rd8 17. Nxc7 Bxc4 18. b3 Bd5 19. Nb5 Rg8 20. f3 Be6 21. Re4 Bf5 22. Rf4 Bc2 23. Rd2 d3 24. Ng4 Rg6 25. Ne3 a6 26. Na3 Nd4 27. Naxc2 dxc2 0-1

[Event "Pszczyna op 3rd"]
[Site "Pszczyna"]
[Date "2007.07.17"]
[Round "3"]
[White "Krzyzanowski, Marcin"]
[Black "Borys, Jacek"]
[Result "0-1"]
[WhiteElo "2206"]
[BlackElo "1947"]
[PlyCount "68"]
[EventDate "2007.07.17"]
[EventType "swiss"]
[EventRounds "9"]
[EventCountry "POL"]
[SourceTitle "EXT 2011"]
[Source "ChessBase"]
[SourceDate "2010.11.26"]
[SourceVersion "1"]
[SourceVersionDate "2010.11.26"]
[SourceQuality "1"]

1. e4 e5 2. Nf3 Nc6 3. Bb5 Bc5 4. 0-0 Nd4 5. Nxd4 Bxd4 6. c3 Bb6 7. d4 c6 8. Ba4 d6 9. dxe5 dxe5 10. Qe2 Nf6 11. Bg5 h6 12. Bh4 g5 13. Bg3 Qe7 14. Kh1 h5 15. h4 Ng4 16. hxg5 h4 17. Bh2 Qxg5 18. Nd2 Nxh2 19. Kxh2 Qf4+ 20. Kh1 Bg4 21. f3 Be6 22. Bb3 h3 23. g4 Rd8 24. Rad1 Bxb3 25. axb3 h2 26. Nc4 Bg1 27. Rxd8+ Kxd8 28. Ra1 Kc7 29. Rd1 Rh3 30. Rd3 Qg3 31. Rd1 Bf2 32. Rd7+ Kxd7 33. Qd3+ Kc8 34. Nd6+ Kb8 0-1

[Event "POL-chT3 U19 Slaska"]
[Site "Slask"]
[Date "2007.05.20"]
[Round "11.31"]
[White "Borys, Jacek"]
[Black "Wandzik, Wojciech"]
[Result "1/2-1/2"]
[WhiteElo "1885"]
[BlackElo "1945"]
[PlyCount "93"]
[EventDate "2007.01.27"]
[EventType "team-tourn"]
[EventRounds "11"]
[EventCountry "POL"]
[SourceTitle "EXT 2019"]
[Source "ChessBase"]
[SourceDate "2018.10.10"]
[SourceVersion "1"]
[SourceVersionDate "2018.10.10"]
[SourceQuality "1"]
[WhiteTeam "Pszczyna PSSz U19"]
[BlackTeam "Gliwice Politechnika Slaska U19 II"]
[WhiteTeamCountry "POL"]
[BlackTeamCountry "POL"]

1. e4 c5 2. c3 d5 3. exd5 Qxd5 4. d4 Nf6 5. Nf3 Bg4 6. Be2 e6 7. 0-0 Nc6 8. Na3 cxd4 9. Nb5 Qd7 10. Nbxd4 Nxd4 11. Nxd4 Bxe2 12. Qxe2 Bc5 13. Nb3 Qc6 14. Nxc5 Qxc5 15. Be3 Qf5 16. Bd4 0-0 17. Rfe1 Rfd8 18. Rad1 Nd5 19. Qb5 b6 20. c4 Ne7 21. Qxf5 Nxf5 22. Bc3 Rac8 23. b3 h5 24. Bb2 Ne7 25. Kf1 Nc6 26. Ke2 Kf8 27. Bc3 f6 28. Rxd8+ Rxd8 29. Rd1 Rxd1 30. Kxd1 Ke7 31. Kd2 e5 32. Kd3 Kd6 33. a3 a6 34. b4 b5 35. f3 f5 36. g3 g5 37. h3 Nd8 38. g4 hxg4 39. hxg4 fxg4 40. fxg4 Nf7 41. Bd2 Nh6 42. Bxg5 Nxg4 43. Kc3 Nf2 44. Kb3 Ne4 45. Be3 Kc6 46. cxb5+ axb5 47. a4 1/2-1/2

[Event "POL-chT3 Liga Slaska"]
[Site "Poland"]
[Date "2007.05.13"]
[Round "9"]
[White "Borys, Jacek"]
[Black "Janik, Marcin1111"]
[Result "1-0"]
[WhiteElo "1885"]
[BlackElo "1873"]
[PlyCount "49"]
[EventDate "2007.01.28"]
[EventType "team-swiss"]
[EventRounds "9"]
[EventCountry "POL"]
[SourceTitle "EXT 2011"]
[Source "ChessBase"]
[SourceDate "2010.11.26"]
[SourceVersion "1"]
[SourceVersionDate "2010.11.26"]
[SourceQuality "1"]
[WhiteTeam "Pszczyna PSSz"]
[BlackTeam "Szombierki TS"]
[WhiteTeamCountry "POL"]
[BlackTeamCountry "POL"]

1. e4 d6 2. d4 Nf6 3. Nc3 g6 4. f3 Bg7 5. Be3 0-0 6. Qd2 c6 7. Bd3 b5 8. a3 a5 9. Nge2 Bb7 10. 0-0 Nbd7 11. Ng3 Nb6 12. Bh6 Nc4 13. Bxc4 bxc4 14. Bxg7 Kxg7 15. Kh1 h6 16. f4 e6 17. e5 dxe5 18. fxe5 Nd5 19. Nge4 f5 20. exf6+ Nxf6 21. Nxf6 Rxf6 22. Ne4 Rxf1+ 23. Rxf1 Qd5 24. Qf4 Qd7 25. Qe5+ 1-0

[Event "POL-chT3 Liga Slaska"]
[Site "Poland"]
[Date "2007.03.18"]
[Round "6"]
[White "Blasiak, Miroslaw"]
[Black "Borys, Jacek"]
[Result "0-1"]
[WhiteElo "2017"]
[BlackElo "1885"]
[PlyCount "100"]
[EventDate "2007.01.28"]
[EventType "team-swiss"]
[EventRounds "9"]
[EventCountry "POL"]
[SourceTitle "EXT 2011"]
[Source "ChessBase"]
[SourceDate "2010.11.26"]
[SourceVersion "1"]
[SourceVersionDate "2010.11.26"]
[SourceQuality "1"]
[WhiteTeam "Mikolow AKS"]
[BlackTeam "Pszczyna PSSz"]
[WhiteTeamCountry "POL"]
[BlackTeamCountry "POL"]

1. e4 e5 2. Nf3 Nc6 3. Bc4 Nf6 4. Ng5 d5 5. exd5 Na5 6. Bb5+ c6 7. dxc6 bxc6 8. Be2 h6 9. Nf3 e4 10. Ne5 Bd6 11. f4 exf3 12. Nxf3 0-0 13. 0-0 c5 14. d4 cxd4 15. Nxd4 Bc5 16. c3 Nc6 17. Kh1 Nxd4 18. cxd4 Bxd4 19. Nc3 Bb7 20. Bf4 Ne4 21. Nxe4 Bxe4 22. Qb3 Qb6 23. Qxb6 axb6 24. Bd6 Bxb2 25. Rad1 Rfc8 26. Rf4 Bg6 27. Bc4 Bf6 28. h3 Bg5 29. Rfd4 Be3 30. Bd5 Bxd4 31. Bxa8 Rxa8 32. Rxd4 Rxa2 33. Kg1 Rb2 34. Rb4 Rxb4 35. Bxb4 f5 36. Kf2 Be8 37. Ke3 g5 38. g3 Kf7 39. Kd4 Ke6 40. Bf8 h5 41. Bh6 Kf6 42. h4 gxh4 43. gxh4 Bc6 44. Bg5+ Ke6 45. Bd8 f4 46. Bxb6 Kf5 47. Kd3 Kg4 48. Bd8 f3 49. Ke3 Kg3 50. Bc7+ Kg2 0-1

[Event "Raciborz op"]
[Site "Raciborz"]
[Date "2007.02.18"]
[Round "4"]
[White "Wodzislawski, Marian"]
[Black "Borys, Jacek"]
[Result "1/2-1/2"]
[WhiteElo "2093"]
[BlackElo "1885"]
[PlyCount "34"]
[EventDate "2007.02.17"]
[EventType "swiss"]
[EventRounds "9"]
[EventCountry "POL"]
[SourceTitle "EXT 2011"]
[Source "ChessBase"]
[SourceDate "2010.11.26"]
[SourceVersion "1"]
[SourceVersionDate "2010.11.26"]
[SourceQuality "1"]

1. d4 Nf6 2. Bg5 d5 3. c3 Ne4 4. Bf4 e6 5. Nf3 Be7 6. Nbd2 Nxd2 7. Qxd2 c5 8. e3 Nc6 9. Bd3 0-0 10. 0-0 b6 11. Rac1 Bb7 12. Rfe1 Bf6 13. Bb5 a6 14. Ba4 Re8 15. Ne5 Bxe5 16. Bxc6 Bxc6 17. Bxe5 Bb7 1/2-1/2

[Event "POL-chT3 Liga Slaska"]
[Site "Poland"]
[Date "2007.02.11"]
[Round "4"]
[White "Pietrzak, Janusz"]
[Black "Borys, Jacek"]
[Result "0-1"]
[WhiteElo "2090"]
[BlackElo "1885"]
[PlyCount "86"]
[EventDate "2007.01.28"]
[EventType "team-swiss"]
[EventRounds "9"]
[EventCountry "POL"]
[SourceTitle "EXT 2011"]
[Source "ChessBase"]
[SourceDate "2010.11.26"]
[SourceVersion "1"]
[SourceVersionDate "2010.11.26"]
[SourceQuality "1"]
[WhiteTeam "Dabrowa Gornicza Zaglebie"]
[BlackTeam "Pszczyna PSSz"]
[WhiteTeamCountry "POL"]
[BlackTeamCountry "POL"]

1. b4 e5 2. a3 d5 3. Bb2 f6 4. e3 Be6 5. Nf3 Bd6 6. d4 e4 7. Nfd2 Ne7 8. c4 c6 9. Nc3 0-0 10. Qb3 f5 11. Be2 Bf7 12. a4 f4 13. a5 fxe3 14. fxe3 Nf5 15. Nf1 Qh4+ 16. Kd2 Qg5 17. c5 Bc7 18. g4 Nxd4 19. Qd1 Nf3+ 20. Kc2 Qxg4 21. Nd2 Qe6 22. Nxf3 exf3 23. Bd3 Bg6 24. Bxg6 Qxg6+ 25. Kb3 f2 26. Qd4 Nd7 27. Nxd5 cxd5 28. Qxd5+ Qf7 29. e4 Qxd5+ 30. exd5 Bxh2 31. a6 bxa6 32. Raf1 Bg1 33. c6 Nb6 34. d6 Rac8 35. c7 Rf3+ 36. Kc2 Re8 37. Bd4 Rf7 38. Rhxg1 fxg1Q 39. Rxg1 Nc8 40. Bxg7 Rd7 41. Bh6+ Kf7 42. Rg7+ Ke6 43. Rg1 Rxd6 0-1